000 00915nam a2200229 i 4500
001 97023
003 ES-MaACL
005 20250302202842.0
007 t|
008 050705s1960 sp ||||1| spa d
080 _a577.1(076)
100 1 _aGarcía Ferrándiz, Francisco.
_954608
245 1 0 _aManual de laboratorio :
_bprácticas de bioquímica /
_c[adaptadas al cuestionario de la asignatura por Francisco García Ferrándiz, Federico Mayor Zaragoza y José Cabezas Fernández del Campo].
260 _aMadrid :
_bS.A.E.T.A.,
_c1960 (
_fGráf. Reunidas)
300 _a174 p. :
_bil. ;
_c24 cm.
596 _aFacultad de Farmacia. Cátedra de Bioquímica.
650 4 _aBioquímica-
_vManuales de laboratorio.
_9173480
700 1 _aMayor Zaragoza, Federico,
_d1934-2024
_979415
700 1 _aCabezas Fernández del Campo, José A.
_933210
852 _aES-MaACL
_jC-7236
999 _c97023
_d97023